| 000 | 00472nam a22001817a 4500 | ||
|---|---|---|---|
| 003 | MPLRDC | ||
| 005 | 20220104183401.0 | ||
| 008 | 210129b ||||| |||| 00| 0 eng d | ||
| 020 | _a7-5613-3862-9 | ||
| 082 | _a874.6 GIL | ||
| 100 | _aELIZABETH GILBERT | ||
| 245 |
_a一辈子做女孩 _c何佩桦 译 |
||
| 250 | _a一版一刷 | ||
| 260 |
_a中国 _b陕西师范大学出版社 _c2007 |
||
| 300 | _b平 | ||
| 650 | _a美国文学--小说 | ||
| 942 |
_cBK _o874.6 GIL |
||
| 999 |
_c62383 _d62373 |
||